000 00757nam a2200217 a 4500
005 20240910064310.0
008 010611s2000 es r 000 0 spa d
020 _a847197651X
035 _aUPN01000107973
049 _aCG
050 4 _aLB1065
_bC8.2
100 1 _aCuenca Esteban, Faustino
_942022
245 1 0 _aCómo motivar y enseñar a aprender en educación primaria :
_bmétodo, estrategias y técnicas de aprendizaje /
_cFaustino Cuenca Esteban.
260 _aBilbao, Esp. :
_bCisspraxis :
_bEscuela Española,
_cc2000.
300 _a356 p.
440 0 _aEducación al día.
_pMonografías Escuela Española
650 4 _aAprendizaje
_92861
650 7 _aMotivación (Psicología)
_2
_95909
650 4 _aMétodos de estudio
_94280
905 _aLibro
999 _c81885
_d81885